भगतसिंह (Record no. 344256)

MARC details
000 -LEADER
fixed length control field 00832nam a2200241Ia 4500
003 - CONTROL NUMBER IDENTIFIER
control field OSt
005 - DATE AND TIME OF LATEST TRANSACTION
control field 20220923220849.0
008 - FIXED-LENGTH DATA ELEMENTS--GENERAL INFORMATION
fixed length control field 220922b |||||||| |||| 00| 0 hin d
037 ## - SOURCE OF ACQUISITION
Terms of availability Textual
040 ## - CATALOGING SOURCE
Original cataloging agency ARTS
Transcribing agency ARTS
Language of cataloging hin
041 ## - LANGUAGE CODE
Source of code hin
Language code of text/sound track or separate title hin
100 ## - MAIN ENTRY--PERSONAL NAME
Personal name सिन्धु, वीरेन्द्र, संपा.
245 #0 - TITLE STATEMENT
Title भगतसिंह
Remainder of title पत्र और दस्तावेज
246 ## - VARYING FORM OF TITLE
Title proper/short title Bhagatasianha: patra aur dastāveja
260 ## - PUBLICATION, DISTRIBUTION, ETC.
Place of publication, distribution, etc. दिल्ली
Name of publisher, distributor, etc. राजपाल एण्ड सन्ज
Date of publication, distribution, etc. 1977
300 ## - PHYSICAL DESCRIPTION
Extent 112पृ.
Dimensions cm.
942 ## - ADDED ENTRY ELEMENTS (KOHA)
Classification part V2y7N07x, 152L7
Koha item type Textual
Source of classification or shelving scheme Colon Classification (CC)
Holdings
Withdrawn status Lost status Damaged status Not for loan Home library Current library Date acquired Total Checkouts Full call number Barcode Date last seen Price effective from Koha item type
        Arts Library Arts Library 2022-09-23   V2y7N07x 152L7 AL0603233 2022-09-23 2022-09-23 Textual
Copyright @ Delhi University Library System